000 00493pab a2200181 454500
008 180718b2007 xxu||||| |||| 00| 0 eng d
100 _aJaswal, Surinder
245 _aSummary report: training of trainers workshop on psychosocial interventions for disaster survivors
260 _c2007
300 _ap.326-34.
362 _aApr
650 _aTraining
650 _aDisasters
700 _aJoseph, Jacquleen
773 _aIndian Journal of Social Work
908 _aN
909 _a81388
999 _c81388
_d81388